01521nam a2200253 a 450000100100000000500170001000800410002704000250006808200280009311000280012124000210014924501440017026000360031430000210035050000950037150504770046665000360094365000370097965000510101665000480106765000660111565000540118170000320123500003954420201002031709.0130705s2007 dr 001 0 spa d aDO-SdBNPbspacBNPHU a343.729304bR426c, 20071 aRepública Dominicana.10a[Código, etc.]10aCódigo tributario de la República Dominicana :binstituido por la ley 11-92 del 16 de Mayo de 1992 /ccompilado por Máximo A. Díaz. aSanto Domingo :b[s.n.],c2007. a102 p. ;c21 cm. aVersión actualizada por la Ley nº. 495-06 del 29 de diciembre del 2006, Gaceta Oficial.0 gReglamentos --tNo. 139-98 para la aplicación del título II del Código Tributario de la República Dominicana del impuesto sobre la renta --tNo. 140-98 para la aplicación del título II del código tributario de la República Dominicana del impuesto sobre la transferencia de bienes industrializados y servicios (ITBIS) --tNo. 79-03 para la aplicación del título IV del Código Tributario de la República Dominicana, del impuesto selectivo al consumo. 4aLey 11-92zRepublica Dominicana 4aLey 495-06zRepublica Dominicana 4aImpuestosxLegislacionzRepública Dominicana 4aImpuestosxAdministración y procesamiento 4aImpuestos sobre la rentaxLegislacionzRepública Dominicana 4aDerecho fiscalxLegislacionzRepublica Dominicana1 aDíaz, Máximo A.,ecomp.